[Event "Schachfestival Senioren"]
[Site "Bad Woerishofen"]
[Date "2023.03.10"]
[Round "8.13"]
[White "Remensberger, Paul"]
[Black "Nordby, Bernt"]
[Result "1/2-1/2"]
[WhiteElo "1977"]
[BlackElo "2001"]
[PlyCount "30"]
[EventDate "2023.??.??"]
[WhiteTeam "Herrliberg"]
[BlackTeam "Fredrikstad Schakselskap"]

1. d4 Nf6 2. Nf3 g6 3. c4 d6 4. Nc3 Bf5 5. e3 Bg7 6. Be2 O-O 7. O-O Ne4 8. Nxe4 Bxe4 9. Bd2 c5 10. Bc3 Nc6 11. Rc1 Rb8 12. Qd2 e5 13. dxc5 dxc5 14. Qxd8 Rbxd8 15. Rfd1 f6 1/2-1/2

[Event "Schachfestival Senioren"]
[Site "Bad Woerishofen"]
[Date "2023.03.10"]
[Round "8.15"]
[White "Rueberg, Jobst"]
[Black "Green, Per"]
[Result "1/2-1/2"]
[WhiteElo "2090"]
[BlackElo "1876"]
[PlyCount "39"]
[EventDate "2023.??.??"]
[WhiteTeam "SV Ahlen 1954 e. V."]
[BlackTeam "Argryte SK"]

1. e4 e6 2. d4 d5 3. e5 c5 4. c3 Qb6 5. Nf3 Nc6 6. Be2 cxd4 7. cxd4 Nh6 8. Bd3 Nf5 9. Bxf5 exf5 10. O-O h6 11. Nc3 Be6 12. h4 Be7 13. Ne2 O-O-O 14. Rb1 Kb8 15. b4 Na5 16. a4 Nc4 17. Bd2 Rc8 18. a5 Qd8 19. h5 Na3 20. Rc1 1/2-1/2

[Event "Schachfestival Senioren"]
[Site "Bad Woerishofen"]
[Date "2023.03.10"]
[Round "8.16"]
[White "Christen, Pierre"]
[Black "Larem, Ewald"]
[Result "0-1"]
[WhiteElo "1855"]
[BlackElo "2070"]
[PlyCount "66"]
[EventDate "2023.??.??"]
[WhiteTeam "SG Trier 1877 e.V."]
[BlackTeam "SC Rotenburg"]

1. c4 e6 2. g3 d5 3. Bg2 Nf6 4. Nf3 Be7 5. O-O O-O 6. b3 c5 7. Bb2 b6 8. d3 Bb7 9. Ne5 Nbd7 10. Nxd7 Qxd7 11. Nd2 d4 12. Nf3 Rad8 13. b4 Rfe8 14. b5 Bd6 15. e4 dxe3 16. fxe3 e5 17. e4 Bc7 18. Ne1 Bxe4 19. Bxe4 Nxe4 20. Qe2 Ng5 21. Rd1 f6 22. h4 Ne6 23. Nf3 Nd4 24. Bxd4 exd4 25. Qg2 Re3 26. g4 Rde8 27. g5 fxg5 28. hxg5 Re2 29. Rf2 Rxf2 30. Kxf2 Qf5 31. Rd2 Bf4 32. Re2 Be3+ 33. Kg3 Rf8 0-1

[Event "Schachfestival Senioren"]
[Site "Bad Woerishofen"]
[Date "2023.03.10"]
[Round "8.17"]
[White "Neese, Hans-Joachim"]
[Black "Wild, Helmut"]
[Result "1-0"]
[WhiteElo "2058"]
[BlackElo "1855"]
[PlyCount "69"]
[EventDate "2023.??.??"]
[WhiteTeam "SV Hennef 1927 e. V."]
[BlackTeam "SK Gau-Algesheim"]

1. d4 d5 2. Nf3 c6 3. Bf4 Bf5 4. Nbd2 e6 5. c4 Bd6 6. Bg5 f6 7. Bh4 g5 8. c5 Bc7 9. Bg3 h5 10. Qb3 b6 11. Rc1 b5 12. e3 h4 13. Bxc7 Qxc7 14. Bd3 Ne7 15. h3 Nd7 16. Qc2 Bxd3 17. Qxd3 O-O-O 18. a4 a6 19. axb5 axb5 20. Ra1 Kb7 21. Ke2 Ra8 22. b4 Rxa1 23. Rxa1 Ra8 24. Nb3 Rxa1 25. Nxa1 e5 26. Qh7 Qd8 27. dxe5 fxe5 28. Nxg5 Nf8 29. Qg7 Nfg6 30. Nb3 Qg8 31. Na5+ Kc7 32. Qf6 d4 33. Qd6+ Kc8 34. Ne6 d3+ 35. Kd2 1-0

[Event "Schachfestival Senioren"]
[Site "Bad Woerishofen"]
[Date "2023.03.10"]
[Round "8.18"]
[White "Wagner, Werner"]
[Black "Walther, Reinhard"]
[Result "0-1"]
[WhiteElo "1740"]
[BlackElo "1987"]
[PlyCount "58"]
[EventDate "2023.??.??"]
[WhiteTeam "SC GEMA St.Ingbert"]
[BlackTeam "SK 1911 Herzogenaurach e.V."]

1. d4 d5 2. Bf4 Nf6 3. Nf3 e6 4. e3 Bd6 5. Bg3 Ne4 6. Ne5 Nxg3 7. hxg3 Nd7 8. Nf3 c5 9. c3 c4 10. Nbd2 b5 11. e4 dxe4 12. Nxe4 Be7 13. Qc2 Bb7 14. Be2 h6 15. Rd1 Bd5 16. O-O Qb6 17. a3 Qb7 18. Nfd2 f5 19. Bh5+ Kf8 20. f3 Kg8 21. Nf2 Kh7 22. g4 g6 23. gxf5 exf5 24. Rde1 Nf6 25. g4 Rhg8 26. Nh3 Bd6 27. Kh1 fxg4 28. Ne4 Bxe4 29. fxe4 Nxh5 0-1

[Event "Schachfestival Senioren"]
[Site "Bad Woerishofen"]
[Date "2023.03.10"]
[Round "8.19"]
[White "Bjorgvik, Jan Arne"]
[Black "Fiedler, Wolfgang"]
[Result "0-1"]
[WhiteElo "1764"]
[BlackElo "1990"]
[PlyCount "76"]
[EventDate "2023.??.??"]
[WhiteTeam "NSF"]
[BlackTeam "SC Schwarz-Weiss Nuernberg Sued e.V."]

1. e4 g6 2. d4 Bg7 3. Nf3 d6 4. Bc4 Nc6 5. d5 Nb8 6. Bb5+ Nd7 7. O-O a6 8. Bxd7+ Bxd7 9. h3 e5 10. dxe6 fxe6 11. c3 e5 12. Re1 Nf6 13. Bg5 h6 14. Bd2 g5 15. Nh2 Qc8 16. Qf3 O-O 17. Qd3 Be6 18. c4 Nh5 19. Nc3 Qd7 20. Nd5 Qf7 21. f3 c6 22. Nb6 Rad8 23. Rac1 Nf4 24. Bxf4 exf4 25. b3 Qf6 26. Na4 Qd4+ 27. Qxd4 Bxd4+ 28. Kf1 b5 29. cxb5 axb5 30. Nc3 Ra8 31. a4 bxa4 32. bxa4 Bc4+ 33. Ne2 Rxa4 34. Ng4 Kg7 35. Nf2 d5 36. Kg1 Be3 37. Rc2 d4 38. Rb1 d3 0-1

[Event "Schachfestival Senioren"]
[Site "Bad Woerishofen"]
[Date "2023.03.10"]
[Round "8.20"]
[White "Wegemund, Hubert"]
[Black "Kierzek, Mira"]
[Result "1-0"]
[WhiteElo "1869"]
[BlackElo "1989"]
[PlyCount "59"]
[EventDate "2023.??.??"]
[WhiteTeam "SK Norderstedt von 1975"]
[BlackTeam "SC Fulda"]

1. e4 e6 2. d4 d5 3. Nd2 c5 4. Ngf3 Nc6 5. exd5 Qxd5 6. Bc4 Qd6 7. O-O Nxd4 8. Ne4 Nxf3+ 9. Qxf3 Qc6 10. Re1 Be7 11. Bg5 Bxg5 12. Bb5 Bd7 13. Bxc6 Bxc6 14. Nd6+ Kd7 15. Qxf7+ Ne7 16. Qxe6+ Kc7 17. Nf7 Bf6 18. Qd6+ Kb6 19. Nxh8 Rxh8 20. Rxe7 Rc8 21. Re3 a6 22. Rb3+ Ka7 23. Qxc5+ Ka8 24. Qf5 Rd8 25. Rd3 Re8 26. Re3 Rd8 27. Re6 Bxb2 28. Rxc6 bxc6 29. Rb1 Bd4 30. Qa5 1-0

[Event "Schachfestival Senioren"]
[Site "Bad Woerishofen"]
[Date "2023.03.10"]
[Round "8.21"]
[White "Waltenberger, Udo"]
[Black "Kievelitz, Bernd"]
[Result "1/2-1/2"]
[WhiteElo "1978"]
[BlackElo "1854"]
[PlyCount "99"]
[EventDate "2023.??.??"]
[WhiteTeam "SV Eiche Reichenbrand"]
[BlackTeam "Zitadelle Spandau"]

1. g3 c5 2. Bg2 Nc6 3. c4 g6 4. Nc3 Bg7 5. d3 Nf6 6. e4 d6 7. Nge2 O-O 8. O-O e6 9. h3 a6 10. Be3 Qc7 11. Qd2 Rb8 12. a4 b6 13. Rad1 e5 14. f4 Nd4 15. fxe5 dxe5 16. Nd5 Nxd5 17. exd5 f5 18. Nxd4 cxd4 19. Bh6 Qd6 20. Bxg7 Kxg7 21. Kh2 a5 22. Rde1 Bd7 23. b3 Rbe8 24. Rf2 Rf7 25. Kg1 Rfe7 26. Rfe2 Qc5 27. Kh2 h6 28. Bf3 Qd6 29. h4 Qf6 30. Kg2 f4 31. gxf4 Qxh4 32. Rh1 Qxf4 33. Qxf4 exf4 34. Be4 Bg4 35. Rc2 Rc8 36. Rhc1 Rec7 37. b4 Bd7 38. bxa5 bxa5 39. c5 Bxa4 40. Ra2 Bb5 41. c6 a4 42. Rc5 Bxd3 43. Bxd3 Kf6 44. Rxa4 Ke5 45. Kf3 g5 46. Rb5 h5 47. Rbb4 g4+ 48. Ke2 Kxd5 49. Rxd4+ Kxc6 50. Be4+ 1/2-1/2

[Event "Schachfestival Senioren"]
[Site "Bad Woerishofen"]
[Date "2023.03.10"]
[Round "8.22"]
[White "Schestak, Herbert"]
[Black "Halli, Gerhard"]
[Result "1/2-1/2"]
[WhiteElo "1729"]
[BlackElo "1957"]
[PlyCount "160"]
[EventDate "2023.??.??"]
[BlackTeam "SK 1947 Sandhausen e.V."]

1. d4 d5 2. Bf4 Nf6 3. e3 Bg4 4. Be2 Bxe2 5. Qxe2 c6 6. Nf3 e6 7. O-O Bd6 8. Ne5 Qe7 9. Nd2 Nbd7 10. Nxd7 Nxd7 11. Bxd6 Qxd6 12. c4 O-O 13. c5 Qc7 14. b4 e5 15. dxe5 Qxe5 16. Nb3 f5 17. Qd2 Rae8 18. Qd4 Qc7 19. Nd2 Re6 20. g3 Ne5 21. Qf4 Qe7 22. h4 h6 23. Kg2 Rg6 24. Nf3 Nxf3 25. Qxf3 Rg4 26. Rab1 Qxh4 27. Rh1 Qe7 28. Rh5 Qf7 29. Rhh1 Rc4 30. Rhc1 Re4 31. Qe2 a6 32. a4 Rfe8 33. Qb2 Qc7 34. b5 Rxa4 35. bxc6 bxc6 36. Qc2 Rae4 37. Rb6 a5 38. Rcb1 a4 39. Qb2 Rc4 40. Rb7 Qe5 41. Qxe5 Rxe5 42. Rc7 Re6 43. Rbb7 Rg6 44. Rc8+ Kh7 45. Rbb8 Rf6 46. Ra8 Rxc5 47. Rxa4 Rc4 48. Rxc4 dxc4 49. Rd8 c3 50. Rd3 c5 51. Rxc3 Rc6 52. Kf3 Kg6 53. e4 Kf6 54. Ke3 fxe4 55. Kxe4 Ke6 56. f3 g6 57. g4 Kf6 58. Kd5 Rc8 59. f4 h5 60. gxh5 gxh5 61. Rh3 Kg6 62. Kc4 Rf8 63. Kxc5 Rxf4 64. Kd5 Kg5 65. Ke5 h4 66. Rh2 Rf3 67. Ke4 Rf8 68. Rg2+ Kh5 69. Ke3 h3 70. Rg7 Kh4 71. Rh7+ Kg3 72. Rg7+ Kh2 73. Rh7 Kg2 74. Rg7+ Kh1 75. Rg6 h2 76. Ke2 Ra8 77. Kf2 Ra2+ 78. Kf3 Ra1 79. Kf2 Rb1 80. Rg7 Rf1+ 1/2-1/2

[Event "Schachfestival Senioren"]
[Site "Bad Woerishofen"]
[Date "2023.03.10"]
[Round "8.23"]
[White "Schwalb, Manfred"]
[Black "Zwetz, Anita"]
[Result "1-0"]
[WhiteElo "1955"]
[BlackElo "1827"]
[PlyCount "113"]
[EventDate "2023.??.??"]
[WhiteTeam "SV Calw"]
[BlackTeam "TSV Kareth-Lappersdorf"]

1. e4 e6 2. d3 d5 3. Nd2 b6 4. g3 Bb7 5. Bg2 Nf6 6. e5 Nfd7 7. f4 c5 8. Ngf3 Nc6 9. O-O Be7 10. c3 Qc7 11. Re1 g6 12. Qe2 h5 13. h4 Ba6 14. Nf1 Rd8 15. Be3 d4 16. Bf2 dxc3 17. bxc3 Nf8 18. Red1 Nh7 19. N1h2 O-O 20. Rd2 Rd7 21. Ne1 Rfd8 22. Rad1 Na5 23. g4 hxg4 24. Qxg4 Kh8 25. Nhf3 Bb7 26. Bg3 Rg8 27. Ng5 Bxg5 28. hxg5 Bxg2 29. Rxg2 Qd8 30. Rh2 Rg7 31. Rh6 Nc4 32. Bf2 Nb2 33. Rd2 Nxd3 34. Qd1 c4 35. Nf3 Rd5 36. Be3 Kg8 37. Nd4 Qd7 38. Rdh2 b5 39. Qg4 Kf8 40. Qh4 b4 41. Rxh7 Qa4 42. Rxg7 Qd1+ 43. Kg2 Qh5 44. Rh7 Qxh4 45. R7xh4 bxc3 46. Kf3 Nb4 47. a3 Nd3 48. Rh8+ Ke7 49. Rc8 Ne1+ 50. Ke2 Nd3 51. Rxc4 Nb2 52. Rxc3 Kd7 53. Rb3 Na4 54. Rb7+ Kc8 55. Rxa7 Nc3+ 56. Kd3 Kb8 57. Rxf7 1-0

[Event "Schachfestival Senioren"]
[Site "Bad Woerishofen"]
[Date "2023.03.10"]
[Round "8.24"]
[White "Wagner, Franz"]
[Black "Kleinhenz, Hans-Georg"]
[Result "1/2-1/2"]
[WhiteElo "1954"]
[BlackElo "1796"]
[PlyCount "74"]
[EventDate "2023.??.??"]
[WhiteTeam "Ichenhausen"]
[BlackTeam "Stolberger SV 1927"]

1. e4 c6 2. Nc3 d5 3. d4 dxe4 4. Nxe4 Nf6 5. Nxf6+ exf6 6. Nf3 Bd6 7. Bd3 O-O 8. Be3 Bg4 9. Qd2 Nd7 10. O-O-O Qc7 11. h3 Be6 12. Kb1 b5 13. c3 Rfb8 14. Nh4 Qa5 15. b4 Qc7 16. Nf5 Bxf5 17. Bxf5 a5 18. Bxd7 Qxd7 19. d5 Qf5+ 20. Kb2 axb4 21. cxb4 Qe4 22. dxc6 Bxb4 23. Qd4 Ba3+ 24. Ka1 Qxc6 25. Rd3 Be7 26. Rc1 Qa6 27. Rc2 f5 28. Qd5 b4 29. Rc6 Qa4 30. Rc7 Rd8 31. Ra7 Bf6+ 32. Kb1 Qe8 33. Rxa8 Rxa8 34. Bc5 Rd8 35. Re3 Qa4 36. Qb3 Qxb3+ 37. axb3 Bc3 1/2-1/2

[Event "Schachfestival Senioren"]
[Site "Bad Woerishofen"]
[Date "2023.03.10"]
[Round "8.25"]
[White "Eibl, Guenter"]
[Black "Braeu, Wolfgang"]
[Result "1-0"]
[WhiteElo "1693"]
[BlackElo "1921"]
[PlyCount "105"]
[EventDate "2023.??.??"]
[WhiteTeam "Schachfreunde Muenchen"]
[BlackTeam "ASV Martinszell Abteilung Schach"]

1. d4 g6 2. c4 Bg7 3. Nc3 c6 4. e4 d6 5. f4 Qa5 6. Nf3 Bg4 7. Be2 e5 8. fxe5 Bxf3 9. Bxf3 dxe5 10. d5 Nd7 11. Qe2 Ngf6 12. O-O O-O 13. Bd2 Qc7 14. Rac1 h6 15. Be3 Rfe8 16. Qd2 Kh7 17. b4 Rad8 18. d6 Qb8 19. c5 b6 20. a4 a5 21. bxa5 bxc5 22. Be2 Re6 23. Rb1 Qxd6 24. Qxd6 Rxd6 25. a6 Ra8 26. Rb7 Rd4 27. Bxd4 cxd4 28. Na2 Bf8 29. Rxd7 Nxd7 30. Rxf7+ Kh8 31. Rxd7 c5 32. Rb7 c4 33. Bxc4 d3 34. Kf1 Bc5 35. Nc3 Bd4 36. Nd1 Rf8+ 37. Ke1 Ra8 38. Kd2 g5 39. Ne3 h5 40. Nf5 Bc5 41. Ne7 Kg7 42. Nc6+ Kf6 43. Rb8 Rxb8 44. Nxb8 g4 45. Nc6 Kg5 46. Bxd3 h4 47. a7 Bxa7 48. Nxa7 Kf4 49. Nc6 h3 50. g3+ Kf3 51. Nxe5+ Kg2 52. Nxg4 Kf3 53. Be2+ 1-0

[Event "Schachfestival Senioren"]
[Site "Bad Woerishofen"]
[Date "2023.03.10"]
[Round "8.26"]
[White "Kainz, Josef"]
[Black "Lechner, Otto"]
[Result "1-0"]
[WhiteElo "1913"]
[BlackElo "1820"]
[PlyCount "103"]
[EventDate "2023.??.??"]
[WhiteTeam "Frauental"]
[BlackTeam "TSV Wertingen 1862 SAbt"]

1. Nf3 d5 2. d4 Nf6 3. c4 c6 4. Qb3 dxc4 5. Qxc4 Qd5 6. e3 Qxc4 7. Bxc4 Bf5 8. a4 e6 9. Nc3 a5 10. Nh4 Bg6 11. Nxg6 hxg6 12. O-O Na6 13. b3 Nb4 14. Bb2 Rd8 15. Rfd1 Be7 16. Rac1 O-O 17. Ne2 Rfe8 18. Ng3 Nfd5 19. Ne4 b6 20. g3 Rc8 21. h4 Nf6 22. Ng5 Bf8 23. Nf3 Red8 24. Kf1 Bd6 25. Ke2 Kf8 26. Ng5 Re8 27. f4 Bb8 28. Kf3 Ke7 29. e4 Red8 30. g4 Rf8 31. Ba3 Rh8 32. Rh1 Rcd8 33. Bxb4+ axb4 34. Rcd1 Nh7 35. Nh3 Nf8 36. Nf2 f6 37. Ke3 Kf7 38. e5 Nd7 39. f5 Ke7 40. exf6+ Nxf6 41. fxg6 Nd5+ 42. Bxd5 Rxd5 43. Nd3 c5 44. dxc5 bxc5 45. h5 Rg5 46. Rhg1 Rf8 47. Rdf1 Rf6 48. Rxf6 gxf6 49. Kf3 Kf8 50. Re1 Ke7 51. Nf4 Be5 52. Nh3 1-0

[Event "Schachfestival Senioren"]
[Site "Bad Woerishofen"]
[Date "2023.03.10"]
[Round "8.28"]
[White "Gerl, Hans"]
[Black "Haugg, Gerhard"]
[Result "0-1"]
[WhiteElo "1883"]
[BlackElo "1744"]
[PlyCount "46"]
[EventDate "2023.??.??"]
[WhiteTeam "SGem 1882 Fuerth"]

1. d4 d6 2. Nf3 g6 3. c4 Bg7 4. Nc3 Nc6 5. e4 e5 6. d5 Nce7 7. Be2 f5 8. exf5 Bxf5 9. O-O Nf6 10. h3 O-O 11. Nh4 Bd7 12. Bd3 Nh5 13. Bg5 Nf4 14. Be4 Bxh3 15. Bxf4 Rxf4 16. Nxg6 Nxg6 17. gxh3 Qg5+ 18. Kh1 Qh4 19. Qd3 Raf8 20. Bg2 a6 21. Ne4 Rg4 22. Qe2 Rxg2 23. Ng3 Qxh3# 0-1

[Event "Schachfestival Senioren"]
[Site "Bad Woerishofen"]
[Date "2023.03.10"]
[Round "8.29"]
[White "Naeckel, Gerhard"]
[Black "Schilling, Hans"]
[Result "1/2-1/2"]
[WhiteElo "2146"]
[BlackElo "1724"]
[PlyCount "67"]
[EventDate "2023.??.??"]
[WhiteTeam "SV Steinitz Puettlingen"]
[BlackTeam "SF Nordost Berlin"]

1. e4 e6 2. d4 d5 3. Nd2 dxe4 4. Nxe4 Nd7 5. Nf3 Ngf6 6. Bd3 c5 7. O-O Nxe4 8. Bxe4 Nf6 9. Bd3 cxd4 10. Nxd4 Bc5 11. Nb3 Bb6 12. Qe2 O-O 13. Bg5 h6 14. Bh4 Qe7 15. Nd2 g5 16. Bg3 Bd7 17. Nc4 Bc5 18. Ne5 Rfd8 19. Kh1 Bd6 20. f4 Be8 21. fxg5 hxg5 22. Rad1 Rac8 23. c4 Nh7 24. Bxh7+ Kxh7 25. Rxd6 Rxd6 26. Qh5+ Kg8 27. Ng4 f5 28. Nh6+ Kf8 29. Qe2 Rd4 30. Qe5 Qg7 31. Qxg7+ Kxg7 32. Nxf5+ exf5 33. Be5+ Kg6 34. Bxd4 1/2-1/2

[Event "Schachfestival Senioren"]
[Site "Bad Woerishofen"]
[Date "2023.03.10"]
[Round "8.30"]
[White "Speicher, Franz"]
[Black "Steinberg, Sven"]
[Result "1/2-1/2"]
[WhiteElo "1790"]
[BlackElo "2011"]
[PlyCount "26"]
[EventDate "2023.??.??"]
[WhiteTeam "Dicker Turm Esslingen"]
[BlackTeam "TSV Trostberg"]

1. Nf3 c5 2. c4 g6 3. Nc3 Nc6 4. e3 Nf6 5. d4 cxd4 6. exd4 d5 7. Qb3 Na5 8. Qd1 Nxc4 9. Bxc4 dxc4 10. Qa4+ Bd7 11. Qxc4 Bg7 12. O-O O-O 13. h3 e6 1/2-1/2

[Event "Schachfestival Senioren"]
[Site "Bad Woerishofen"]
[Date "2023.03.10"]
[Round "8.31"]
[White "Leser, Alfred"]
[Black "Wuest, Michael"]
[Result "0-1"]
[WhiteElo "1689"]
[BlackElo "1881"]
[PlyCount "92"]
[EventDate "2023.??.??"]
[WhiteTeam "Schachfreunde Mengen"]
[BlackTeam "PTSV SK Hof 1892"]

1. d4 Nf6 2. Nc3 g6 3. e4 d6 4. Nf3 Bg7 5. Be3 c6 6. h3 a6 7. Qd2 h5 8. Bd3 b5 9. e5 b4 10. Ne2 Nd5 11. Bg5 Be6 12. Nf4 Nxf4 13. Qxf4 O-O 14. exd6 Qxd6 15. Qe3 Nd7 16. Bf4 Qd5 17. O-O Nf6 18. Ne5 Rac8 19. Bxa6 Rcd8 20. Bb7 Qxd4 21. Bxc6 Qxe3 22. Bxe3 Nd5 23. Bd4 Nf4 24. c3 Ne2+ 25. Kh1 Nxd4 26. cxd4 Rxd4 27. Rfe1 Rd2 28. Nxg6 fxg6 29. Rxe6 Rxb2 30. Rxg6 Rbxf2 31. Bd5+ Kh7 32. Rxg7+ Kxg7 33. Kg1 Rd2 34. Bf3 h4 35. Re1 Kf6 36. Re4 Rb8 37. Rf4+ Ke5 38. Re4+ Kd6 39. Rxh4 Rxa2 40. Rd4+ Kc5 41. Rd5+ Kc4 42. Re5 Ra7 43. h4 b3 44. Kf2 b2 45. Re4+ Kc5 46. Re5+ Kd6 0-1

[Event "Schachfestival Senioren"]
[Site "Bad Woerishofen"]
[Date "2023.03.10"]
[Round "8.32"]
[White "Hotz, Herbert"]
[Black "Wulf, Juergen"]
[Result "0-1"]
[WhiteElo "1553"]
[BlackElo "1841"]
[PlyCount "56"]
[EventDate "2023.??.??"]
[WhiteTeam "SC 1970 Lorsch"]
[BlackTeam "Markdorf"]

1. c4 Nf6 2. g3 c6 3. Bg2 d5 4. cxd5 cxd5 5. d4 Bf5 6. Nf3 Nc6 7. a3 e6 8. Nc3 Be7 9. O-O O-O 10. Nh4 Bg4 11. Nf3 Qb6 12. e3 Na5 13. b4 Nc4 14. Qe1 a5 15. b5 Rfc8 16. Ne5 Nxe5 17. dxe5 Nd7 18. f4 Nc5 19. h3 Bf5 20. g4 Bd3 21. Rf2 Nb3 22. Raa2 Nxc1 23. Qxc1 Qc5 24. Rac2 Bxc2 25. Rxc2 Qxa3 26. f5 Bb4 27. fxe6 fxe6 28. Qf1 Rxc3 0-1

[Event "Schachfestival Senioren"]
[Site "Bad Woerishofen"]
[Date "2023.03.10"]
[Round "8.33"]
[White "Di Lazzaro, Gabriele"]
[Black "Hager, Eberhard"]
[Result "1-0"]
[WhiteElo "1810"]
[BlackElo "1778"]
[PlyCount "107"]
[EventDate "2023.??.??"]
[BlackTeam "SK Friedberg im Gehoerl. Sportverein"]

1. d4 Nf6 2. Nc3 e6 3. e4 d6 4. f4 Be7 5. Nf3 O-O 6. Bd3 c5 7. dxc5 dxc5 8. e5 Nd5 9. Bd2 Nxc3 10. Bxc3 Nc6 11. a3 Nd4 12. Nxd4 cxd4 13. Bxd4 g6 14. Be3 Bh4+ 15. g3 Be7 16. Qe2 Qd5 17. O-O b6 18. Qf3 Qxf3 19. Rxf3 Bb7 20. Rff1 Rac8 21. c3 Rfd8 22. Rad1 Kg7 23. Be2 Be4 24. Rxd8 Rxd8 25. Rd1 Kf8 26. Kf2 Ke8 27. Rxd8+ Kxd8 28. Bb5 Kc7 29. Bd4 Bc6 30. Bd3 Bd5 31. c4 Bb7 32. b4 Kd7 33. Ke3 Kc7 34. c5 Bd5 35. cxb6+ axb6 36. Kd2 Kb7 37. Kc3 Kc7 38. Bb5 Bc6 39. Bc4 Be4 40. a4 Bf3 41. Bb5 Bc6 42. Kc4 Bd5+ 43. Kc3 Bc6 44. Bxc6 Kxc6 45. Kc4 Kb7 46. Kb5 Bd8 47. a5 bxa5 48. bxa5 Bc7 49. a6+ Ka8 50. Kc6 Bb8 51. Kd7 h6 52. Ke7 g5 53. fxg5 hxg5 54. Kxf7 1-0

[Event "Schachfestival Senioren"]
[Site "Bad Woerishofen"]
[Date "2023.03.10"]
[Round "8.34"]
[White "Ganslmayer, Anton"]
[Black "Kumeth, Hartmut"]
[Result "1/2-1/2"]
[WhiteElo "1856"]
[BlackElo "1724"]
[PlyCount "64"]
[EventDate "2023.??.??"]
[WhiteTeam "SV Jedesheim"]
[BlackTeam "SK Union Oldenburg"]

1. Nf3 d5 2. e3 Nf6 3. c4 e6 4. Nc3 Be7 5. b3 Nbd7 6. Bb2 c6 7. d4 O-O 8. Bd3 dxc4 9. Bxc4 Bb4 10. O-O Bxc3 11. Bxc3 Nd5 12. Bb2 f5 13. Ne5 Nxe5 14. dxe5 b5 15. Be2 a5 16. a3 Qb6 17. Rc1 c5 18. Qc2 c4 19. bxc4 bxc4 20. Bd4 Qc6 21. Qxc4 Qd7 22. Qc6 Qxc6 23. Rxc6 Bd7 24. Rc5 Rfb8 25. Bf3 Rb5 26. Rxb5 Bxb5 27. Rc1 Bd3 28. h3 Rb8 29. Bd1 g5 30. f3 h5 31. g3 Kf7 32. f4 g4 1/2-1/2

[Event "Schachfestival Senioren"]
[Site "Bad Woerishofen"]
[Date "2023.03.10"]
[Round "8.35"]
[White "Aigner, Georg"]
[Black "Vonach, Bernhard"]
[Result "1/2-1/2"]
[WhiteElo "1742"]
[BlackElo "1829"]
[PlyCount "51"]
[EventDate "2023.??.??"]
[WhiteTeam "SC Taufkirchen"]
[BlackTeam "Sportfr.Windach e.V.1923"]

1. e4 e5 2. Nf3 d5 3. exd5 e4 4. Ne5 Qxd5 5. d4 b5 6. c4 Qd8 7. cxb5 Bd6 8. Nc6 Nxc6 9. bxc6 Nf6 10. Bg5 Rb8 11. Qc2 Bb4+ 12. Nc3 Qxd4 13. a3 Bxc3+ 14. bxc3 Qe5 15. Bxf6 gxf6 16. Be2 Rg8 17. g3 Bh3 18. Bf1 Bxf1 19. Kxf1 Kf8 20. Kg2 Kg7 21. Rhd1 Rb6 22. Qa4 Rgb8 23. Qc4 Qf5 24. Rd7 Qf3+ 25. Kh3 Qh5+ 26. Kg2 1/2-1/2

[Event "Schachfestival Senioren"]
[Site "Bad Woerishofen"]
[Date "2023.03.10"]
[Round "8.36"]
[White "Emser, Heinrich"]
[Black "Cerpnjak, Mirko"]
[Result "0-1"]
[WhiteElo "1822"]
[BlackElo "1702"]
[PlyCount "94"]
[EventDate "2023.??.??"]
[WhiteTeam "Vereinslos"]
[BlackTeam "SC Groebenzell"]

1. e4 e6 2. Qe2 Nc6 3. c3 Nge7 4. d4 d5 5. e5 Ng6 6. g3 f6 7. f4 fxe5 8. fxe5 Be7 9. Nf3 b6 10. Be3 a5 11. Qd2 O-O 12. Be2 Ba6 13. O-O Bxe2 14. Qxe2 Rf5 15. Nbd2 Na7 16. Kg2 Qd7 17. Ng1 Raf8 18. Rxf5 Rxf5 19. Ndf3 c5 20. Nh3 Qb5 21. Qc2 Qe8 22. Rf1 h6 23. Rf2 Rf8 24. c4 dxc4 25. Qxc4 Qc6 26. Qd3 cxd4 27. Bxd4 Nb5 28. Bc3 Nxc3 29. Qxc3 Qxc3 30. bxc3 Rc8 31. Rc2 Bb4 32. Nf4 Nxf4+ 33. gxf4 Rxc3 34. Rd2 Rc7 35. Rb2 Rc4 36. Kg3 a4 37. Nh4 a3 38. Re2 Rd4 39. Nf3 Rd1 40. Kg4 g6 41. h4 Rb1 42. Rc2 Rb2 43. Nd4 Rxc2 44. Nxc2 Be7 45. Nd4 Kf7 46. h5 gxh5+ 47. Kxh5 Bc5 0-1

[Event "Schachfestival Senioren"]
[Site "Bad Woerishofen"]
[Date "2023.03.10"]
[Round "8.37"]
[White "Krotofil, Kurt"]
[Black "Schnell, Franz"]
[Result "1-0"]
[WhiteElo "1817"]
[BlackElo "1701"]
[PlyCount "41"]
[EventDate "2023.??.??"]
[WhiteTeam "Niendorfer TSV 1919 SAbt"]
[BlackTeam "SV Nusplingen"]

1. d4 d5 2. c4 c6 3. Bf4 Nf6 4. e3 Qa5+ 5. Nd2 dxc4 6. Bxc4 b5 7. Bd3 e6 8. Ngf3 Nbd7 9. O-O Nh5 10. Bg5 Bd6 11. Ne4 Bc7 12. Ne5 Nxe5 13. dxe5 g6 14. Be2 O-O 15. Bxh5 Bxe5 16. Nf6+ Kg7 17. Ng4 gxh5 18. Bh6+ Kg6 19. Bxf8 Bxb2 20. Qc2+ f5 21. Qxb2 1-0

[Event "Schachfestival Senioren"]
[Site "Bad Woerishofen"]
[Date "2023.03.10"]
[Round "8.38"]
[White "Meul, Willi"]
[Black "Bohlin, Jan"]
[Result "1/2-1/2"]
[WhiteElo "1722"]
[BlackElo "1814"]
[PlyCount "29"]
[EventDate "2023.??.??"]
[WhiteTeam "Bruehler SK 1920 e. V."]
[BlackTeam "Majornas SS"]

1. d4 Nf6 2. Bf4 d5 3. e3 e6 4. Bd3 Bd6 5. Bg3 c5 6. c3 O-O 7. Nf3 Qc7 8. Nbd2 Nbd7 9. e4 dxe4 10. Nxe4 Nxe4 11. Bxe4 Nf6 12. Bc2 cxd4 13. Nxd4 Bxg3 14. hxg3 Qe5+ 15. Qe2 1/2-1/2

[Event "Schachfestival Senioren"]
[Site "Bad Woerishofen"]
[Date "2023.03.10"]
[Round "8.39"]
[White "Schmitt, Karl"]
[Black "Eigenmann, Christina"]
[Result "1-0"]
[WhiteElo "1808"]
[BlackElo "1664"]
[PlyCount "113"]
[EventDate "2023.??.??"]
[WhiteTeam "Bergische SF 1923 Bergisch Gladbach e. V."]
[BlackTeam "Schweizer Schachsenioren"]

1. d4 d5 2. Nf3 e6 3. c4 c6 4. Qc2 Bd6 5. g3 Ne7 6. Bg2 Nd7 7. O-O O-O 8. Nbd2 b6 9. e4 Ba6 10. Re1 Ng6 11. Qa4 Bxc4 12. Nxc4 b5 13. Qc2 bxc4 14. e5 Be7 15. h4 Bb4 16. Re2 Qc7 17. h5 Ne7 18. Ng5 g6 19. g4 Rfe8 20. f4 Nf8 21. Bh3 h6 22. Nf3 Kg7 23. f5 exf5 24. gxf5 Nxf5 25. Bxf5 gxf5 26. Rg2+ Kh8 27. Qxf5 Re6 28. Qg4 Ng6 29. hxg6 Rxg6 30. Qh3 Rxg2+ 31. Kxg2 Rg8+ 32. Kh1 Rg7 33. Be3 Rh7 34. Rg1 Be7 35. Qf5 Bg5 36. Nxg5 hxg5+ 37. Kg2 Qd8 38. Rh1 Rxh1 39. Kxh1 Kg7 40. Qxg5+ Qxg5 41. Bxg5 Kg6 42. Bd2 Kf5 43. Kg2 f6 44. exf6 Kxf6 45. Kf3 Kf5 46. Bb4 Kg5 47. Bc5 a6 48. Ke3 Kg4 49. Kd2 Kf3 50. Kc3 Ke2 51. b3 cxb3 52. Kxb3 Kd3 53. Ka4 Kc2 54. Ka5 Kb2 55. a3 Kb3 56. Kxa6 Ka4 57. Kb6 1-0

[Event "Schachfestival Senioren"]
[Site "Bad Woerishofen"]
[Date "2023.03.10"]
[Round "8.40"]
[White "Rothenhagen, Siegfried"]
[Black "Rumsey, Victor B"]
[Result "0-1"]
[WhiteElo "1712"]
[BlackElo "1696"]
[PlyCount "76"]
[EventDate "2023.??.??"]
[WhiteTeam "Sportfr.Windach e.V.1923"]
[BlackTeam "Battersea"]

1. d4 Nf6 2. Bf4 g6 3. e3 Bg7 4. Nf3 O-O 5. Nbd2 d6 6. h3 Nbd7 7. Be2 Re8 8. O-O e5 9. Bh2 b6 10. Bb5 Bb7 11. Bxd7 Nxd7 12. dxe5 dxe5 13. c3 Qe7 14. Qe2 a5 15. Rfd1 a4 16. a3 Ba6 17. Qe1 Nc5 18. Nf1 Red8 19. Rxd8+ Rxd8 20. N3d2 Rd7 21. e4 Qd8 22. c4 Bh6 23. Bxe5 Bxd2 24. Nxd2 Nd3 25. Bxc7 Nxe1 26. Bxd8 Rxd8 27. Nf3 Nxf3+ 28. gxf3 Bxc4 29. Rc1 Rd4 30. Rc2 b5 31. Kg2 Kg7 32. Kg3 Rd3 33. Kg4 h5+ 34. Kg3 Kf6 35. h4 Ke5 36. Re2 Rb3 37. Rd2 Rd3 38. Rc2 Rd1 0-1